000 02312nam a22003254a 4500
005 20040817122949.0
008 040526r20041994nyua de 000 0 eng
010 _aB-285146-147
020 _a0717246930 (set)
_c3437.50 (set of 2 vols.)
035 _aB-285146-147
040 _adpl
_bEnglish
082 _a423
245 _aThe New Lexicon Websterʼs dictionary of the English language.
246 _aWebster's dictionary of the English language.
250 _aEncyclopedic ed.
260 _aNew York :
_bLexicon Publications, Inc.
_c2004.
270 _aDanbury, CT
_bNew York, USA
300 _a2 v. (xxxii, 704p.; iii, 705-1149p.)
_bill. (some col.) ;
_c28cm.(Hb)
650 _aEnglish language
_vDictionaries.
710 _aLexicon Publications (Firm)
942 _2ddc
_cEN
_h423
_mNEW
999 _c18226
_d18226